00477nam a2200133Ia 4500008004100000100001300041245003500054250000800089260004500097300001200142942001200154999001500166952016200181191201s2014 xx 000 0 und d aBASU, AR 0aThermal Engineering Heat Power aIMP c2014bDhanpat Rai Pub (P) LtdaNEW DELHI a1357+18 2ddccBK c8137d8137 00102ddc40708Dip MEaPIETbPIETd2015-01-12eKIRTI PRAKASHAN, NEW DELHIg350.00k2076l0o621.01 BATpDE1224r2019-12-04 00:00:00v269.50w2015-01-12yBK